000 01306cab a2200253 4500
001 ABS44608
008 090401t1991 xxu||||| |||| 00| 0 eng d
035 _a(Sirsi) u47991
041 _aeng
100 _aKaka, A.P.
245 _aNet cashflow models: are they reliable?
260 _c1991
350 _a0
490 _aConstruction Management & Economics
_v9(3) June 1991, 291-308(9)
520 _aDiscusses the development of a reliable net cashflow model to be used by contractors at the tendering stage. The model is based on cost commitment curves instead of the usual value curves . As the model includes many simplified assumptions, there was a need to test its reliability. The model was tested on five building projects and produced good results. The possibility of building an ideal cost curve was examined by building an average curve from the available projects. the average curve was used to forecast net cash flows for the five projects. The results demonstrated the validity of the model as a forecasting tool. References. (Journal abstract)
650 _aCASH FLOWS
650 _aCOST CURVES
650 _aCOST MODELLING
650 _aEXPENDITURE FORECASTING
690 _aBUILT ENVIRONMENT-BUILDING COSTS
700 _aPrice, A.D.F.
942 _n0
948 _c04/03/1997
999 _c30170
_d30170